| 000 | 00881nac a22002657a 4500 | ||
|---|---|---|---|
| 001 | BR9001525 | ||
| 003 | BR-BrBNA | ||
| 005 | 20240105121054.0 | ||
| 008 | 230509b bl.|||m| |||| 00| 0 por d | ||
| 040 |
_aBR-BrBNA _bpor _cBiblioteca Nacional de Agricultura |
||
| 072 | _aF01; F60 | ||
| 090 | _a0120 BR9001525 | ||
| 100 | 1 | _aCarvalho, B.C.L. de | |
| 110 | 1 |
_aEmpresa de Pesquisa Agropecuaria da Bahia S.A., Salvador (Brasil) _94094 |
|
| 245 | 1 | _aUso do murchamento do milho como uma covariavel em ensaios de campo | |
| 260 | 3 |
_aSalvador, BA (Brasil): _c1988. |
|
| 300 | _a27 p. | ||
| 490 |
_aDocumentos - Empresa de Pesquisa Agropecuaria da Bahia S.A. (Brazil) _vno. 15 _xISSN 0102-0846 |
||
| 500 | _a14 tables | ||
| 650 | _aMILHO | ||
| 650 | _aDEFICIENCIA HIDRICA | ||
| 650 | _aRENDIMENTO | ||
| 909 |
_a202312 _bLúcia Elande _c55 _dLúcia Elande |
||
| 942 |
_2AGRIS _n0 _cMS |
||
| 999 |
_c283114 _d283114 |
||